Determinación de los coeficientes de transferencia de calor y masa en secadores de lecho deslizante (LSU)

Esta tesis consiste en una determinación de los coeficientes de transferencia de calor y masa en un secador de lecho deslizante (LSU), con distribución de aire central construido a escala piloto y ubicada en la Universidad Nacional de Ingeniería (UNI) en Managua, Nicaragua. Los experimentos fuer...

Full description

Bibliographic Details
Main Author: Beer Gómez, Raquel
Other Authors: Tutor: Sobalvarro Sánchez, Enrique A.
Format: Tesis Section = Libro
Language:Undetermined
Spanish
Published: Managua UNI 1998
Subjects:
LEADER 01358nam a2200217Ia 4500
008 240830s9999 xx 000 0 und d
040 |a BIBLIOTECA-RUSB/ Mon 660.28427 B415 
041 |a spa 
082 |a Mon 660.28427 B415 
100 1 |a Beer Gómez, Raquel 
245 1 0 |a Determinación de los coeficientes de transferencia de calor y masa en secadores de lecho deslizante (LSU) 
260 |a Managua  |b UNI  |c 1998 
300 |a 52 p. :il. 
502 |a Tesis (Ingeniero Químico) - UNI, 1998. 
520 3 |a Esta tesis consiste en una determinación de los coeficientes de transferencia de calor y masa en un secador de lecho deslizante (LSU), con distribución de aire central construido a escala piloto y ubicada en la Universidad Nacional de Ingeniería (UNI) en Managua, Nicaragua. Los experimentos fueron realizados en fase estacionaria y con tres tipos diferentes de granos: arroz, sorgo y maíz. Este trabajo de tesis es mucha importancia para la Ingeniería Química, ya que pone a disposición un programa de simulación que permita desarrollar teóricamente evaluación de equipos de secado con características similares a los LSU. 
650 7 |a TRANSFERENCIA DE CALOR Y MASA 
650 7 |b  PROCEDIMIENTO DE EVAPORACIÓN Y SECADO 
700 1 |a Tutor:  |b Sobalvarro Sánchez, Enrique A. 
942 |c BK  |2 ddc 
991 |a TESIS 
999 |c 20662